फेंगशुई/ (Record no. 200504)

MARC details
000 -LEADER
fixed length control field 00908nam a22002177a 4500
005 - DATE AND TIME OF LATEST TRANSACTION
control field 20240201152133.0
010 ## - LCCN (DPL NO)
LC control number HIN-126723
020 ## - INTERNATIONAL STANDARD BOOK NUMBER
International Standard Book Number 9788196218485
Terms of availability 495.00
035 ## - SYSTEM CONTROL NUMBER
System control number HN-99069
037 ## - SOURCE OF ACQUISITION
Source of stock number/acquisition DBAD/PUB
082 ## - DEWEY DECIMAL CLASSIFICATION NUMBER
Classification number
100 ## - MAIN ENTRY--PERSONAL NAME
Personal name कबीर संजय
245 ## - TITLE STATEMENT
Title फेंगशुई/
Statement of responsibility, etc कबीर संजय
260 ## - PUBLICATION, DISTRIBUTION, ETC. (IMPRINT)
Place of publication, distribution, etc आगरा
Name of publisher, distributor, etc लोकभारती प्रकाशन
Date of publication, distribution, etc 2023
270 ## - ADDRESS
Address पहली मंजिल,दरबारी बिल्डिंग महात्मा गाँधी मार्ग
City प्रयागराज
Postal code 211001
270 ## - ADDRESS
Address 1-बी नेताजी सुभाष मार्ग दरियागंज
City नई दिल्ली
Postal code 110002
300 ## - PHYSICAL DESCRIPTION
Extent 157 पृ.;
Dimensions 21 सेमी.(सजिल्द)
700 ## - ADDED ENTRY--PERSONAL NAME
Relator term
9 (RLIN) 61527
710 ## - ADDED ENTRY--CORPORATE NAME
9 (RLIN) 61536
942 ## - ADDED ENTRY ELEMENTS (KOHA)
Source of classification or shelving scheme Dewey Decimal Classification
Item type Hindi Books
Classification part
Call number suffix कबीर
Holdings
Withdrawn status Lost status Not for loan Collection code Home library Current library Date acquired Source of acquisition Cost, normal purchase price Full call number Barcode Copy number Cost, replacement price Koha item type
      Fiction Tri Nagar Tri Nagar 01/02/2024 DBAD/PUB 495.00 क कबीर HN-99069 1 495.00 Hindi Books

© Delhi Public Library
Hit Counter
free hit counter